El magisterio y la revolución de 1910 (Record no. 72367)

MARC details
000 -CABECERA
campo de control de longitud fija 00638nam a2200217 a 4500
005 - FECHA Y HORA DE LA ÚLTIMA TRANSACCIÓN
campo de control 20240426063706.0
008 - ELEMENTOS DE LONGITUD FIJA--INFORMACIÓN GENERAL
campo de control de longitud fija 991125n 000 0 spa u
035 ## - NÚMERO DE CONTROL DEL SISTEMA
Número de control de sistema UPN01000086691
100 1# - ASIENTO PRINCIPAL--NOMBRE PERSONAL
Nombre de persona Romero Flores, Jesús,
Fechas asociadas al nombre 1885-1987
9 (RLIN) 29429
222 ## - TÍTULO CLAVE
Título clave EDUCACION :
Información calificativa REVISTA DEL CONSEJO NACIONAL TECNICO DE LA EDUCACION
245 ## - MENCIÓN DE TÍTULO
Título El magisterio y la revolución de 1910
260 ## - PUBLICACIÓN, DISTRIBUCIÓN, ETC.
Lugar de publicación, distribución, etc. México
300 ## - DESCRIPCIÓN FÍSICA
Extensión 77-84
362 0# - FECHAS DE PUBLICACIÓN Y/O DESIGNACIÓN SECUENCIAL
Fecha de publicación y/o designación secuencial 1980 4a época, vol. 6, no. 34, oct.-dic.
653 0# - TERMINO DE INDIZACION - NO CONTROLADO
Término no controlado HISTORIA
653 0# - TERMINO DE INDIZACION - NO CONTROLADO
Término no controlado MEXICO
653 0# - TERMINO DE INDIZACION - NO CONTROLADO
Término no controlado MAESTROS
653 0# - TERMINO DE INDIZACION - NO CONTROLADO
Término no controlado REVOLUCION MEXICANA, 1910-1917
904 ## - ELEMENTOS DE DATOS D LOCAL, LDD (RLIN)
a AC
b 024502
905 ## - TIPO DE MATERIAL
Tipo de material Articulo

No items available.